[Event "Bhubaneswar op 16th"]
[Site "Bhubaneswar"]
[Date "2025.05.16"]
[Round "10"]
[White "Kandi, Santosh Sai Karthik"]
[Black "Singgih, Diajeng Theresa"]
[Result "0-1"]
[WhiteElo "2097"]
[BlackElo "1989"]
[PlyCount "118"]
[EventDate "2025.05.09"]
[EventType "swiss"]
[EventRounds "10"]
[EventCountry "IND"]
[SourceTitle "CB21_2025"]
[SourceDate "2025.05.21"]
[SourceVersion "1"]
[SourceVersionDate "2025.05.21"]
[SourceQuality "1"]

1. e4 e5 2. Nf3 Nc6 3. Bb5 a6 4. Ba4 Nf6 5. 0-0 b5 6. Bb3 Bc5 7. a4 b4 8. Nxe5 Nxe5 9. d4 Bxd4 10. Qxd4 Nc6 11. Qc5 Qe7 12. Qxe7+ Nxe7 13. Bg5 Bb7 14. Nd2 Ng6 15. f4 h6 16. Bxf6 gxf6 17. a5 Bc6 18. Ba4 0-0-0 19. Bxc6 dxc6 20. Nb3 Rhe8 21. Rae1 Re7 22. g3 Nf8 23. Kf2 Rde8 24. Kf3 f5 25. e5 Ne6 26. Rd1 c5 27. c4 bxc3 28. bxc3 Kb7 29. Nd2 Kc6 30. Nc4 Rb8 31. Rb1 Rb5 32. Ne3 Ng7 33. c4 Rxa5 34. Ra1 Rxa1 35. Rxa1 Kb7 36. h3 h5 37. g4 fxg4+ 38. hxg4 hxg4+ 39. Kxg4 Re6 40. Kf3 Rh6 41. f5 Rh4 42. Rb1+ Kc6 43. Ra1 Kb7 44. Rb1+ Kc6 45. Ra1 Kb7 46. Rg1 Nh5 47. Rg4 Rh3+ 48. Ke4 a5 49. Rg2 Rh4+ 50. Ng4 a4 51. e6 fxe6 52. fxe6 Nf6+ 53. Kf5 Nxg4 54. e7 Ne3+ 55. Kf6 Re4 56. Ra2 Ng4+ 57. Kf7 Ne5+ 58. Ke6 Nc6+ 59. Kd5 Re5# 0-1

[Event "Bhubaneswar op 16th"]
[Site "Bhubaneswar"]
[Date "2025.05.11"]
[Round "4"]
[White "Kandi, Santosh Sai Karthik"]
[Black "Fedorov, Alexei"]
[Result "0-1"]
[WhiteElo "2097"]
[BlackElo "2392"]
[PlyCount "120"]
[EventDate "2025.05.09"]
[EventType "swiss"]
[EventRounds "10"]
[EventCountry "IND"]
[SourceTitle "CB21_2025"]
[SourceDate "2025.05.21"]
[SourceVersion "1"]
[SourceVersionDate "2025.05.21"]
[SourceQuality "1"]

1. e4 c5 2. Nf3 Nc6 3. d4 cxd4 4. Nxd4 Qb6 5. Nb3 e6 6. Nc3 Qc7 7. a3 a6 8. Be3 b5 9. f4 Bb7 10. Bd3 d6 11. 0-0 Nf6 12. a4 b4 13. Nb1 Be7 14. a5 0-0 15. N1d2 e5 16. Nc4 exf4 17. Bxf4 Ne5 18. Nb6 Rae8 19. Qe2 Ng6 20. Qf3 Bd8 21. Rae1 Nxf4 22. Qxf4 Qc6 23. Nc4 Nxe4 24. Nd4 Qc5 25. c3 bxc3 26. bxc3 d5 27. Bxe4 Rxe4 28. Rxe4 dxe4 29. Nd6 Bd5 30. Kh1 Qxc3 31. Qe5 Bf6 32. Qxd5 Qxd4 33. Qxd4 Bxd4 34. Nxe4 Re8 35. Nd6 Re6 36. Rc1 g6 37. Nb7 Re5 38. g3 Rb5 39. Nd8 Bf6 40. Nc6 Kf8 41. Rf1 Bc3 42. Rd1 Rc5 43. Rd8+ Kg7 44. Nb8 Rxa5 45. Rd6 Be5 46. Rd8 Ra1+ 47. Kg2 Ra2+ 48. Kg1 a5 49. Nc6 Bf6 50. Ra8 a4 51. Nb4 Rd2 52. Nc6 Rd6 53. Na5 Rd8 54. Ra6 Rd7 55. Nc6 Rd6 56. Kg2 a3 57. Rxa3 Rxc6 58. h4 Rc2+ 59. Kh3 Rc3 60. Ra5 Bd8 0-1